<?xml version="1.0" encoding="UTF-8"?>
<marc:record xmlns:marc="http://www.loc.gov/MARC21/slim">
   <marc:leader>00000nam a2200000 a 4500</marc:leader>
   <marc:datafield ind1="1" ind2=" " tag="100">
      <marc:subfield code="a">Adli, Mazda</marc:subfield>
      <marc:subfield code="4">aut</marc:subfield>
      <marc:subfield code="e">Verfasser/-in</marc:subfield>
   </marc:datafield>
   <marc:datafield ind1=" " ind2=" " tag="653">
      <marc:subfield code="a">Gesunde Städte</marc:subfield>
   </marc:datafield>
   <marc:datafield ind1=" " ind2=" " tag="653">
      <marc:subfield code="a">Großstadtleben und Psyche</marc:subfield>
   </marc:datafield>
   <marc:datafield ind1=" " ind2=" " tag="653">
      <marc:subfield code="a">Millionenstädte</marc:subfield>
   </marc:datafield>
   <marc:datafield ind1=" " ind2=" " tag="653">
      <marc:subfield code="a">Stadtkrankheiten</marc:subfield>
   </marc:datafield>
   <marc:datafield ind1=" " ind2=" " tag="653">
      <marc:subfield code="a">Städteplanung</marc:subfield>
   </marc:datafield>
   <marc:datafield ind1=" " ind2=" " tag="653">
      <marc:subfield code="a">Softcover / Sachbücher/Politik</marc:subfield>
   </marc:datafield>
   <marc:datafield ind1=" " ind2=" " tag="653">
      <marc:subfield code="a">Gesellschaft</marc:subfield>
   </marc:datafield>
   <marc:datafield ind1=" " ind2=" " tag="653">
      <marc:subfield code="a">Wirtschaft</marc:subfield>
   </marc:datafield>
   <marc:datafield ind1="0" ind2="0" tag="245">
      <marc:subfield code="a">Stress and the City</marc:subfield>
   </marc:datafield>
   <marc:datafield ind1="0" ind2="0" tag="245">
      <marc:subfield code="b">warum Städte uns krank machen. Und warum sie trotzdem gut für uns sind</marc:subfield>
   </marc:datafield>
   <marc:datafield ind1="0" ind2="0" tag="245">
      <marc:subfield code="c">Mazda Adli</marc:subfield>
   </marc:datafield>
   <marc:datafield ind1=" " ind2="1" tag="264">
      <marc:subfield code="a">München</marc:subfield>
      <marc:subfield code="b">C. Bertelsmann</marc:subfield>
   </marc:datafield>
   <marc:datafield ind1=" " ind2=" " tag="250">
      <marc:subfield code="a">1. Auflage</marc:subfield>
   </marc:datafield>
   <marc:datafield ind1="1" ind2=" " tag="520">
      <marc:subfield code="a">Angaben aus der Verlagsmeldung

Stress in the City : Warum uns Städte krank machen und wie wir sie lebenswerter gestalten können / von Mazda Adli

Wie das Großstadtleben unsere Psyche verändert
Machen Städte verrückt? Macht nur Landleben glücklich? Provokante Fragen mit brisantem Hintergrund. Denn 2050 werden drei Viertel der Weltbevölkerung in Städten leben. Millionenstädte werden Staaten prägen; sie werden Zentrum und Motor des Gemeinwesens sein. Nähe, Lärm, Hektik, Anonymität prägen den Alltag der dort lebenden Menschen genauso wie Vielfalt, kulturelle Ressourcen und persönliche Freiheiten. Der Arzt und Psychiater Mazda Adli fragt, wie unser Gehirn auf die permanente Reizüberflutung reagiert, ob der soziale Stadtstress uns psychisch krank machen kann. Und er findet Hinweise, dass Gehirne von Stadtbewohnern eine höhere Stressempfindlichkeit haben, die mit der Größe der Stadt wächst. Doch wo genau entsteht Stadtstress? Wer ist gefährdet? Mazda Adli plädiert für eine Neuro-Urbanistik, in der Wissenschaft, Kultur und Politik Visionen für die Städte der Zukunft entwerfen. Denn gesunde Städte zu formen ist eine unabdingbare sozial- und gesundheitspolitische Notwendigkeit.
</marc:subfield>
   </marc:datafield>
   <marc:datafield ind1=" " ind2=" " tag="020">
      <marc:subfield code="a">9783570102701</marc:subfield>
      <marc:subfield code="9">9783570102701</marc:subfield>
   </marc:datafield>
   <marc:datafield ind1=" " ind2=" " tag="020">
      <marc:subfield code="a">357010270X</marc:subfield>
      <marc:subfield code="9">357010270X</marc:subfield>
   </marc:datafield>
   <marc:datafield ind1=" " ind2=" " tag="041">
      <marc:subfield code="a">ger</marc:subfield>
   </marc:datafield>
   <marc:datafield ind1=" " ind2=" " tag="300">
      <marc:subfield code="a">383 Seiten</marc:subfield>
   </marc:datafield>
</marc:record>
